| 000 | 00346nam a2200121Ia 4500 | ||
|---|---|---|---|
| 008 | 220901s9999||||xx |||||||||||||| ||und|| | ||
| 082 | _a004 SRI | ||
| 100 | _aSrivastava, G.P | ||
| 245 | 0 | _aICFAI Journal of science and technology | |
| 250 | _aVol. 5 Issue No. 1,2 &3 | ||
| 260 |
_bICFAI University Press _c2009 |
||
| 650 | _ascience and technology | ||
| 999 |
_c193450 _d193450 |
||